Countries that Visit China the Most - Statistics

General Stats
  • This quiz has been taken 939 times
    936 since last reset
  • The average score is 13 of 15
Answer Stats
Rank Country # of visitors % Correct
6 United States 1,446,800
99%
3 Japan 5,622,777
98%
1 South Korea 14,560,566
98%
11 India 1,000,266
96%
5 Russia 1,750,800
96%
2 Vietnam 8,735,821
92%
14 Indonesia 369,109
91%
12 Thailand 909,000
91%
15 Australia 254,434
90%
10 Taiwan 1,000,721
86%
13 Canada 514,322
85%
4 Malaysia 3,322,616
85%
9 Philippines 1,067,922
82%
7 Mongolia 1,237,000
78%
8 Singapore 1,185,800
77%
No matching quizzes found
Score Distribution
Percent of People with Each Score
Percentile by Number Answered
Your Score History
You have not taken this quiz since the last reset